Nguồn lực con người trong quá trình công nghiệp hoá, hiện đại hoá ở Việt Nam
Một số vấn đề chung về công nghiệp hoá, hiện đại hoá và giới thiệu vai trò, thực trạng cùng những giải pháp cơ bản nhằm khai thác, phát triển nguồn nhân lực con người đáp ứng yêu cầu công nghiệp hoá, hiện đại hoá ở Việt Nam hiện nay...
Zapisane w:
| 1. autor: | |
|---|---|
| Format: | Książka |
| Język: | Vietnamese |
| Wydane: |
H.
Lý luận Chính trị
2005
|
| Hasła przedmiotowe: | |
| Etykiety: |
Dodaj etykietę
Nie ma etykietki, Dołącz pierwszą etykiete!
|
| Thư viện lưu trữ: | Mạng thư viện Đại học Đà Nẵng |
|---|
| LEADER | 01712aam a22004098a 4500 | ||
|---|---|---|---|
| 001 | 000007416 | ||
| 003 | 3578 | ||
| 005 | 20111003101015.0 | ||
| 008 | 111003s2005 viesd | ||
| 020 | |c 25000đ |d 1000b | ||
| 041 | |a vie | ||
| 082 | 1 | 4 | |2 14 |a 331.11597 |b ĐO-K |
| 084 | |a Q24(1)06 | ||
| 084 | |b NG517L | ||
| 100 | 1 | |a Đoàn Văn Khái | |
| 245 | |a Nguồn lực con người trong quá trình công nghiệp hoá, hiện đại hoá ở Việt Nam |c Đoàn Văn Khái | ||
| 260 | |a H. |b Lý luận Chính trị |c 2005 | ||
| 300 | |a 246tr. |c 21cm | ||
| 504 | |a Thư mục: tr. 237-243 | ||
| 520 | |a Một số vấn đề chung về công nghiệp hoá, hiện đại hoá và giới thiệu vai trò, thực trạng cùng những giải pháp cơ bản nhằm khai thác, phát triển nguồn nhân lực con người đáp ứng yêu cầu công nghiệp hoá, hiện đại hoá ở Việt Nam hiện nay | ||
| 650 | 7 | |2 Bộ TK TVQG |a Nguồn nhân lực | |
| 650 | 7 | |2 Bộ TK TVQG |a Phát triển | |
| 650 | 7 | |2 Bộ TK TVQG |a Công nghiệp hoá | |
| 650 | 7 | |2 Bộ TK TVQG |a Khai thác | |
| 650 | 7 | |2 Bộ TK TVQG |a Hiện đại hoá | |
| 651 | |2 Bộ TK TVQG |a Việt Nam | ||
| 910 | |a Nguyễn Thị Kim Oanh |d 03/10/2011 | ||
| OWN | |a LSP | ||
| AVA | |a UDN50 |b LSP |d 331.11597 ĐO-K |e available |t Error 5001 Not defined in file expand_doc_bib_avail. |f 1 |g 0 |h N |i 0 |k 1 | ||
| 999 | |a From the UDN01 | ||
| AVA | |a UDN50 |b LSP |d 331.11597 ĐO-K |e available |t Error 5001 Not defined in file expand_doc_bib_avail. |f 1 |g 0 |h N |i 0 |k 1 | ||
| TYP | |a Monograph | ||
| TYP | |a Printed language | ||
| 980 | |a Mạng thư viện Đại học Đà Nẵng | ||